000 00470nam a2200157Ia 4500
008 241206s9999||||xx |||||||||||||| ||und||
020 _a9781856695107
_c140.5
040 _beng
_cSSK Library
_erda
082 _a741.6/MAS
100 _a Daniel Mason
245 0 _aMaterials, Process, Print; Creative Solutions For Graphic Design
260 _b Laurence King Publishing
_c©2007
942 _2Dewey Decimal Classification
_cBOOK
_nNo
999 _c16059
_d16059
003 OSt
005 20241206223239.0